Normal view MARC view
  • Transportation Engineering and Management MS-Thesis.

Entry Topical Term

Number of records used in: 1

001 - CONTROL NUMBER

  • control field: 29102

003 - CONTROL NUMBER IDENTIFIER

  • control field: NUST

005 - DATE AND TIME OF LATEST TRANSACTION

  • control field: 20200320103626.0

008 - FIXED-LENGTH DATA ELEMENTS

  • fixed length control field: 200320|| aca||aabn | a|a d

040 ## - CATALOGING SOURCE

  • Original cataloging agency: NUST
  • Transcribing agency: NUST

150 ## - HEADING--TOPICAL TERM

  • Topical term or geographic name entry element: Transportation Engineering and Management MS-Thesis.

670 ## - SOURCE DATA FOUND

  • Source citation: Work cat.: (NUST)534761: Muhammad Azhar 29101, Evaluation of the Impact of Pavement Roughness on Vehicular Gases Emissions on M-2 (Motorway) /, 2018.
© 2023 Central Library, National University of Sciences and Technology. All Rights Reserved.